Fantastic beasts and where to find them / (Record no. 4461)
[ view plain ]
| 000 -LEADER | |
|---|---|
| fixed length control field | 00656cam a2200193 4500 |
| 001 - CONTROL NUMBER | |
| control field | 5318 |
| 005 - DATE AND TIME OF LATEST TRANSACTION | |
| control field | 20181127175227.0 |
| 008 - FIXED-LENGTH DATA ELEMENTS--GENERAL INFORMATION | |
| fixed length control field | 001117s2001 nyua 000 0 eng |
| 010 ## - LIBRARY OF CONGRESS CONTROL NUMBER | |
| LC control number | 00066403 |
| 020 ## - INTERNATIONAL STANDARD BOOK NUMBER | |
| International Standard Book Number | 9781408835050 |
| 100 1# - MAIN ENTRY--PERSONAL NAME | |
| Personal name | Scamander, Newt. |
| 245 10 - TITLE STATEMENT | |
| Title | Fantastic beasts and where to find them / |
| Statement of responsibility, etc. | Newt Scamander ; special edition with a foreword by Albus Dumbledore. |
| 250 ## - EDITION STATEMENT | |
| Edition statement | 1st American ed. |
| 260 ## - PUBLICATION, DISTRIBUTION, ETC. | |
| Place of publication, distribution, etc. | New York, NY : |
| Name of publisher, distributor, etc. | Bscurus Books, |
| Place of publication, distribution, etc. | |
| Name of publisher, distributor, etc. | |
| Date of publication, distribution, etc. | 2001. |
| 300 ## - PHYSICAL DESCRIPTION | |
| Extent | 88 p. : |
| Other physical details | ill. ; |
| Dimensions | 22 cm. |
| 500 ## - GENERAL NOTE | |
| General note | Written by J.K. Rowling as a fictitious author. |
| 650 #0 - SUBJECT ADDED ENTRY--TOPICAL TERM | |
| Topical term or geographic name entry element | Animals, Mythical |
| Form subdivision | Miscellanea. |
| Withdrawn status | Lost status | Source of classification or shelving scheme | Damaged status | Not for loan | Collection code | Home library | Current library | Shelving location | Date acquired | Serial Enumeration / chronology | Inventory number | Total Checkouts | Full call number | Barcode | Date last seen | Date last checked out | Price effective from | Koha item type |
|---|---|---|---|---|---|---|---|---|---|---|---|---|---|---|---|---|---|---|
| Dewey Decimal Classification | Fiction | RTC Library | RTC Library | Fiction | 24/09/2021 | 8614 | 1 | FIC 823.914 SCA | 30008630 | 09/12/2024 | 04/12/2024 | 27/11/2018 | Fiction |